000 01959nam a2200577 i 4500
001 25152
003 KOSZ 005
005 20220427122454.0
008 970510s1994 pl a f |000 0 pol
015 _aUWD 1995/5140
020 _a8385709541
035 _a991000045189705066
035 _a(PL-WaBN)b10045545-48omnis_nlop
035 _ab10045545
035 _a(OCoLC)749860444
035 _a(PL)b0000001004554
035 _a(EXLNZ-48OMNIS_NETWORK)9910488331405606
040 _aWA N
_cWA N
_dKOSZ 005/EG
080 _a657
080 _a66/69
080 _a658.14/.17
080 _a336.748.12
080 _a(075.8)
100 1 _aSojak, Sławomir
_d(1952- )
_eAutor
245 1 0 _aRachunkowość zarządcza w warunkach inflacji /
_cSławomir Sojak.
260 _aToruń :
_bTowarzystwo Naukowe Organizacji i Kierownictwa "Dom Organizatora",
_c1994.
300 _a333, [10] s. :
_bwykr. ;
_c24 cm.
336 _aTekst
_btxt
_2rdacontent
337 _aBez urządzenia pośredniczącego
_bn
_2rdamedia
338 _aWolumin
_bnc
_2rdacarrier
380 _aKsiążki
380 _aPublikacje dydaktyczne
385 _mPoziom nauczania
_aSzkoły wyższe
388 _a1901-2000
388 _a1989-2000
504 _aBibliogr. s. 331-[334] i przy rozdz.
650 7 _aDecyzje
_2DBN
650 7 _aGospodarka
650 7 _aPrzemysł
650 7 _aInflacja
_2DBN
650 7 _aPrzedsiębiorstwo
_2DBN
650 7 _aEkonomika
650 7 _aRachunek ekonomiczny
_2DBN
650 7 _aRachunkowość zarządcza
_2DBN
655 7 _aPodręczniki akademickie
_2DBN
658 _aGospodarka, ekonomia, finanse
710 2 _aDom Organizatora w Toruniu (Towarzystwo Naukowe Organizacji i Kierownictwa)
_4pbl
856 _uhttp://koha.tu.koszalin.pl/cgi-bin/koha/opac-detail.pl?biblionumber=25152
_yKatalog online BPK
942 _2UKD
_cKS
999 _c25152
_d25152